Trendy sociálneho vývoja v Slovenskej republike 2008

Uložené v:
Podrobná bibliografia
Médium: Kniha
Jazyk:Slovak
English
Vydavateľské údaje: Bratislava Štatistický úrad Slovenskej republiky 2008
Predmet:
Tagy: Pridať tag
Žiadne tagy, Buďte prvý, kto otaguje tento záznam!

MARC

LEADER 00000nam$a2200000$$$4500
001 0082965
005 20260206114522.4
041 0 |a slo 
041 0 |a eng 
044 |a SK 
245 1 0 |a Trendy sociálneho vývoja v Slovenskej republike 2008 
264 1 |a Bratislava  |b Štatistický úrad Slovenskej republiky  |c 2008 
300 |a 158 s. 
610 2 0 |a Slovensko 
610 2 0 |a vývoj sociálny 
610 2 0 |a trh práce 
610 2 0 |a spotreba 
610 2 0 |a výstavba bytová 
610 2 0 |a vzdelávanie 
610 2 0 |a ochrana sociálna